| 000 | 00640nam a2200181 i 4500 | ||
|---|---|---|---|
| 001 | 25037 | ||
| 003 | ES-MaACL | ||
| 005 | 20230906153201.0 | ||
| 007 | t| | ||
| 008 | 021220s1932 sp |||| | spa d | ||
| 110 | 2 |
_aUGT. _bCongreso ( _n17º. _d1932. _cMadrid) _9169440 |
|
| 245 | 1 | 0 | _aApéndice de la memoria del XVII Congreso Ordinario que se celebrará en Madrid los días 14 y siguientes de octubre de 1932. |
| 260 |
_aMadrid : _b[s.n., _c1932] ( _fGráfica Socialista) |
||
| 300 |
_a102 p. ; _c27 cm. |
||
| 500 | _aPrecede al tít.: Unión General de Trabajadores de España. | ||
| 610 | 2 | 4 |
_aUGT. _97030 |
| 852 |
_aES-MaACL _j1767-F-11 |
||
| 999 |
_c25037 _d25037 |
||